书目信息 |
| 题名: |
俄国人来了
|
|
| 作者: | 伊卜拉欣·萨阿德 著 ;吴永华 , 沈肇读 , 扬期锭 译 | |
| 分册: | ||
| 出版信息: | 北京 商务印书馆 1977 |
|
| 页数: | 389页 | |
| 开本: | 20cm | |
| 丛书名: | ||
| 单 册: | ||
| 中图分类: | D801.512 | |
| 科图分类: | ||
| 主题词: | 外交理论 , 国际关系理论 | |
| 电子资源: | ||
| ISBN: | ||
| 000 | 00876nam0 2200253 450 | |
| 001 | 0653477952 | |
| 005 | 20060911104944.01 | |
| 010 | @dCNY0.97 | |
| 100 | @a20060803d1977 km y0chiy0120 ea | |
| 101 | 0 | @achi@cegy |
| 102 | @aCN@b110000 | |
| 200 | 1 | @a俄国人来了@Ae guo ren lai le@f(埃及)伊卜拉欣·萨阿德著@F(ai ji)yi bo la xin·sa a de zhu@g扬期锭,吴永华,沈肇读等译@Gyang qi ding,wu yong hua,shen zhao du deng yi |
| 210 | @a北京@c商务印书馆@d1977 | |
| 215 | @a389页@d20cm | |
| 300 | @a本书是供内部参考用的,写文章引用时务请核对原文,并在注明出处时用原著版本。 | |
| 606 | 0 | @a外交理论 |
| 606 | 0 | @a国际关系理论 |
| 690 | @aD801.512@v3 | |
| 701 | 0 | @a伊卜拉欣·萨阿德@Ayi bo la xin·sa a de@4著 |
| 702 | 0 | @a吴永华@Awu yong hua@4译 |
| 702 | 0 | @a沈肇读@Ashen zhao du@4译 |
| 702 | 0 | @a扬期锭@Ayang qi ding@4译 |
| 801 | 0 | @aCN@bPFT@c20060911 |
| 905 | @a10447@dD801.512@e18 | |
| 俄国人来了/(埃及)伊卜拉欣·萨阿德著/扬期锭,吴永华,沈肇读等译.-北京:商务印书馆,1977 |
| 389页;20cm |
| 本书是供内部参考用的,写文章引用时务请核对原文,并在注明出处时用原著版本。 |
| ISBN :CNY0.97 |
| ● |
| 相关链接 |
|
|
|
|
正题名:俄国人来了
索取号:D801.512/18
 
预约/预借
| 序号 | 登录号 | 条形码 | 馆藏地/架位号 | 状态 | 备注 |
| 1 | 0446608 | 204466087 | 密集书库/ [索取号:D801.512/18] | 在馆 | |
| 2 | 0471904 | 204719046 | 密集书库/ [索取号:D801.512/18] | 在馆 |